[Event "Championnat de France des Jeunes - Pupil"]
[Site "Aix les Bains"]
[Date "2009.04.26"]
[Round "9.13"]
[White "Lam-Roques, Kalvin"]
[Black "Fort, Adelin"]
[Result "1-0"]
[WhiteElo "1717"]
[BlackElo "1630"]
[PlyCount "121"]
[EventDate "2009.??.??"]

1. e4 c5 2. Nc3 e6 3. f4 Nc6 4. Nf3 b6 5. h3 Bb7 6. g4 Nd4 7. Bg2 Nf6 8. d3 d6
9. Be3 Nxf3+ 10. Bxf3 Be7 11. Ne2 Nd7 12. Ng3 Bh4 13. Bf2 Qc7 14. Qd2 O-O-O 15.
O-O-O Kb8 16. Rhf1 h6 17. Ne2 Bf6 18. h4 g6 19. g5 hxg5 20. fxg5 Bg7 21. Bg3
Ne5 22. Bg2 Rhf8 23. Nc3 Ka8 24. Rf2 a6 25. Rdf1 b5 26. Bh3 b4 27. Nd1 Nc6 28.
Ne3 Qe7 29. Re1 Ne5 30. Kb1 Rb8 31. Ng4 Nxg4 32. Bxg4 Bd4 33. Rff1 Rh8 34. Qh2
Rbd8 35. e5 d5 36. Bf2 Bxf2 37. Rxf2 c4 38. d4 c3 39. b3 Qc7 40. Rh1 Qa5 41.
Qf4 Rdf8 42. Be2 Qb6 43. Qe3 Qa5 44. Rf4 Qa3 45. Qc1 Qa5 46. Bd3 Bc6 47. Rhf1
Bb5 48. Bxb5 axb5 49. Rxf7 Rxf7 50. Rxf7 Rxh4 51. Qf1 Kb8 52. Rf8+ Kb7 53. a4
Rxd4 54. Qf7+ Qc7 55. Qxe6 bxa4 56. Rf7 axb3 57. Rxc7+ Kxc7 58. Qd6+ Kb7 59.
cxb3 Rd1+ 60. Kc2 Rd2+ 61. Kc1 1-0

[Event "Championnat de France des Jeunes - Pupil"]
[Site "Aix les Bains"]
[Date "2009.04.26"]
[Round "9.14"]
[White "Rodriguez, Adrien"]
[Black "Dias, Theodore"]
[Result "0-1"]
[WhiteElo "1620"]
[BlackElo "1710"]
[PlyCount "96"]
[EventDate "2009.??.??"]

1. d4 Nf6 2. c4 c5 3. d5 b5 4. cxb5 a6 5. bxa6 Bxa6 6. Nc3 d6 7. g3 g6 8. Bg2
Bg7 9. Nf3 O-O 10. O-O Nbd7 11. Re1 Qb6 12. e4 Ng4 13. h3 Nge5 14. Nxe5 Nxe5
15. Bf1 Bxf1 16. Rxf1 Nc4 17. Qe2 Qb4 18. Nd1 Rfb8 19. a3 Qb3 20. Kg2 Ra7 21.
f4 Rab7 22. Rf2 Bd4 23. Rf3 Qa4 24. Ra2 Rb3 25. Nc3 Qa6 26. Kh2 R8b6 27. g4 Kg7
28. h4 h6 29. h5 g5 30. fxg5 hxg5 31. Rh3 f6 32. h6+ Kh7 33. Qf3 Qc8 34. a4
Nxb2 35. a5 Rb8 36. Bd2 Nc4 37. Be1 Rb2+ 38. Rxb2 Rxb2+ 39. Kh1 Nxa5 40. Na4
Rb1 41. Qf1 Qxg4 42. Kh2 Be5+ 43. Kh1 Rxe1 44. Qxe1 Qxh3+ 45. Kg1 Bd4+ 46. Qf2
Qg3+ 47. Kh1 Bxf2 48. Nc3 Qg1# 0-1

[Event "Championnat de France des Jeunes - Pupil"]
[Site "Aix les Bains"]
[Date "2009.04.26"]
[Round "9.15"]
[White "Devoille, Hugo"]
[Black "Pissot, Gregoire"]
[Result "1-0"]
[WhiteElo "1683"]
[BlackElo "1520"]
[PlyCount "89"]
[EventDate "2009.??.??"]

1. e4 c5 2. Nf3 Nc6 3. Bb5 Qb6 4. Be2 g6 5. O-O Bg7 6. c3 d6 7. Re1 Nf6 8. Bf1
O-O 9. Na3 Bg4 10. Nc4 Bxf3 11. Qxf3 Qc7 12. d3 b5 13. Ne3 a6 14. Nd5 Nxd5 15.
exd5 Ne5 16. Qe2 Rfe8 17. Rd1 c4 18. dxc4 Nxc4 19. Be3 Rac8 20. Bd4 Bxd4 21.
Rxd4 Nb6 22. Qd2 Nd7 23. c4 bxc4 24. Rxc4 Qb7 25. Rxc8 Rxc8 26. Rc1 Rxc1 27.
Qxc1 Qxd5 28. Qc8+ Nf8 29. Qxa6 Ne6 30. h3 Nc5 31. Qc4 Qb7 32. Qb5 Qa8 33. a3
Kf8 34. b4 Na4 35. Qa6 Qxa6 36. Bxa6 Ke8 37. Bb5+ Kd8 38. Bxa4 d5 39. Kf1 e5
40. Bb3 d4 41. Bxf7 Kc7 42. Ke2 e4 43. Bd5 d3+ 44. Kd2 Kb6 45. a4 1-0

[Event "Championnat de France des Jeunes - Pupil"]
[Site "Aix les Bains"]
[Date "2009.04.26"]
[Round "9.1"]
[White "Imperor, Lorene"]
[Black "Bellaiche, Elise"]
[Result "0-1"]
[WhiteElo "1667"]
[BlackElo "1826"]
[PlyCount "148"]
[EventDate "2009.??.??"]

1. f4 g6 2. Nf3 Bg7 3. e3 d5 4. Be2 Nd7 5. O-O Nh6 6. d3 Nf5 7. e4 dxe4 8. dxe4
Nd6 9. Bd3 O-O 10. e5 Ne8 11. Be3 Nb6 12. Nc3 c6 13. Be2 Qxd1 14. Raxd1 Nc7 15.
Bc5 Re8 16. Ng5 h6 17. Nge4 Nbd5 18. Nxd5 Nxd5 19. c4 Nc7 20. Ng3 Na6 21. Be3
h5 22. Bd3 Bg4 23. Rd2 Nb4 24. Bb1 h4 25. Ne2 Bxe2 26. Rxe2 Rad8 27. Rd2 Rxd2
28. Bxd2 Na6 29. Be3 Rd8 30. Bxa7 Rd2 31. b3 e6 32. Bf2 h3 33. gxh3 Bh6 34. Bg3
Kf8 35. a3 Rb2 36. b4 Rb3 37. Rd1 Rxa3 38. Rd8+ Kg7 39. b5 cxb5 40. cxb5 Ra1
41. Rd1 Nc7 42. Bc2 Rxd1+ 43. Bxd1 Nxb5 44. Bf3 b6 45. Kf2 Nd4 46. Bd1 Nc6 47.
h4 b5 48. Ke3 Nxe5 49. Kd4 Nd7 50. Be2 b4 51. Kc4 Nb6+ 52. Kxb4 Nd5+ 53. Kc5
Bxf4 54. Bf3 Bxg3 55. hxg3 Ne3 56. g4 f5 57. gxf5 exf5 58. Kd4 Nc2+ 59. Ke5 Ne1
60. Bc6 Nd3+ 61. Kd4 Nf4 62. Ke3 Nh5 63. Kf3 Nf6 64. Kf4 Kh6 65. Bf3 Nh5+ 66.
Bxh5 Kxh5 67. Kg3 f4+ 68. Kxf4 Kxh4 69. Kf3 g5 70. Kg2 Kg4 71. Kh2 Kf3 72. Kg1
g4 73. Kf1 g3 74. Kg1 g2 0-1

[Event "Championnat de France des Jeunes - Pupil"]
[Site "Aix les Bains"]
[Date "2009.04.26"]
[Round "9.2"]
[White "Auvray, Honorine"]
[Black "Dieuleveut, Floriane"]
[Result "1-0"]
[WhiteElo "1708"]
[BlackElo "1651"]
[PlyCount "97"]
[EventDate "2009.??.??"]

1. e4 c5 2. Nf3 Nc6 3. d4 cxd4 4. Nxd4 g6 5. c4 Bg7 6. Be3 Nf6 7. Nc3 O-O 8.
Be2 d6 9. O-O Nxd4 10. Bxd4 Be6 11. Rc1 Qa5 12. b3 Rfc8 13. Qd3 a6 14. Rfd1
Rab8 15. f3 Bh6 16. Rb1 Bg7 17. Ba7 Ra8 18. Bd4 Nd7 19. Bxg7 Kxg7 20. Qd4+ Kg8
21. Qd2 Rab8 22. Nd5 Qxd2 23. Rxd2 Bxd5 24. Rxd5 Rc6 25. Rbd1 Nb6 26. R5d3 Rc5
27. f4 Rd8 28. Bf3 Rb8 29. Kf2 Nc8 30. Rd5 Rxd5 31. Rxd5 e6 32. Rd2 Kf8 33. Ke3
Ke7 34. g4 Na7 35. h4 Nc6 36. e5 dxe5 37. Bxc6 bxc6 38. fxe5 a5 39. Rd6 Rb6 40.
g5 Ra6 41. Kd4 a4 42. b4 a3 43. Kc5 Ra7 44. Rxc6 Rd7 45. Rd6 Rc7+ 46. Kd4 Rb7
47. b5 Rb8 48. Kc5 Rc8+ 49. Kb4 1-0

[Event "Championnat de France des Jeunes - Pupil"]
[Site "Aix les Bains"]
[Date "2009.04.26"]
[Round "9.3"]
[White "Desarnaud, Manon"]
[Black "Dol, Cecile"]
[Result "1/2-1/2"]
[WhiteElo "1600"]
[BlackElo "1510"]
[PlyCount "116"]
[EventDate "2009.??.??"]

1. Nf3 e6 2. d4 d5 3. e3 c5 4. c4 Nf6 5. Nc3 dxc4 6. Bxc4 Nc6 7. O-O cxd4 8.
exd4 Be7 9. d5 exd5 10. Nxd5 O-O 11. Re1 Bc5 12. Bg5 Bg4 13. Nxf6+ gxf6 14.
Qxd8 Rfxd8 15. Bxf6 Rd6 16. Be7 Nxe7 17. Rxe7 Rd1+ 18. Rxd1 Bxe7 19. Bxf7+ Kg7
20. Rd3 Bf6 21. Bd5 Rd8 22. b3 Bxf3 23. gxf3 b6 24. Bc4 Rxd3 25. Bxd3 h6 26. f4
Be7 27. Kg2 Bh4 28. Kf3 Kf6 29. Ke3 Ke6 30. f3 Be1 31. f5+ Kd6 32. Kf4 Bd2+ 33.
Ke4 Bg5 34. f4 Bf6 35. Kf3 Ke7 36. Be4 Bd4 37. Ke2 Kd6 38. Kd3 Bf6 39. Kc4 Bd8
40. Kb5 a5 41. Bd3 Kc7 42. Kc4 Kd6 43. Kd4 Bf6+ 44. Ke4 Bg7 45. f6 Bxf6 46. Kf5
Bg7 47. Kg6 Bf8 48. Kf7 Be7 49. Bg6 Kd7 50. Kg7 Bd6 51. f5 Be5+ 52. Kxh6 Ke7
53. Kh7 Bxh2 54. Kh6 Be5 55. Kg5 Bf6+ 56. Kf4 Kd6 57. Ke4 Kc5 58. Bf7 Kd6
1/2-1/2

[Event "Championnat de France des Jeunes - Pupil"]
[Site "Aix les Bains"]
[Date "2009.04.26"]
[Round "9.4"]
[White "Canterel, Cecile"]
[Black "Banat, Rizlene"]
[Result "1-0"]
[WhiteElo "1560"]
[BlackElo "1542"]
[PlyCount "109"]
[EventDate "2009.??.??"]

1. d4 Nf6 2. c4 g6 3. Nc3 d5 4. g3 b6 5. Bg2 Bb7 6. Nf3 Bg7 7. O-O dxc4 8. Qa4+
Nbd7 9. Qxc4 O-O 10. Bf4 Rc8 11. Nb5 Ba6 12. Qa4 Bxb5 13. Qxb5 c5 14. Rac1 cxd4
15. Nxd4 Rc5 16. Rxc5 Nxc5 17. Nc6 Qd6 18. Qb4 Nd5 19. Bxd5 Re8 20. Bg2 e5 21.
Be3 Bf8 22. Qd2 Qc7 23. Nb4 e4 24. Rd1 Be7 25. Nd5 Qd8 26. Nxe7+ Qxe7 27. Bxc5
Qxc5 28. Qd7 Qe7 29. Qxe7 Rxe7 30. Rd4 e3 31. fxe3 Rxe3 32. Re4 Rxe4 33. Bxe4
f5 34. Bd5+ Kf8 35. Kf2 Ke7 36. Bg8 h6 37. Kf3 Kf8 38. Bd5 Ke7 39. g4 Kf6 40.
h4 fxg4+ 41. Kxg4 g5 42. hxg5+ hxg5 43. e4 a5 44. a3 b5 45. Bc6 b4 46. axb4
axb4 47. b3 Kg6 48. e5 Kf7 49. Kxg5 Ke6 50. Kf4 Ke7 51. Kf5 Kf7 52. e6+ Ke7 53.
Ke5 Kd8 54. Kd6 Kc8 55. e7 1-0

[Event "Championnat de France des Jeunes - Pupil"]
[Site "Aix les Bains"]
[Date "2009.04.26"]
[Round "9.5"]
[White "Baldi, Valentine"]
[Black "Broly, Marine"]
[Result "0-1"]
[WhiteElo "1642"]
[BlackElo "1470"]
[PlyCount "122"]
[EventDate "2009.??.??"]

1. d4 Nf6 2. c4 e6 3. Nf3 b6 4. a3 Bb7 5. e3 Ne4 6. Nbd2 f5 7. Bd3 Nxd2 8. Bxd2
d6 9. Bc3 Nd7 10. b4 Nf6 11. O-O Be7 12. Re1 O-O 13. Nd2 c5 14. bxc5 dxc5 15.
d5 exd5 16. Bxf5 dxc4 17. Be6+ Kh8 18. Bxc4 Qc7 19. h3 Ne4 20. Nxe4 Bxe4 21.
Qg4 Bg6 22. Bd3 Qd6 23. Rad1 Qc6 24. Bc4 Bf6 25. Bd5 Qb5 26. Bxf6 gxf6 27. Bxa8
Rxa8 28. Rd7 c4 29. Rc7 Qa5 30. Ra1 b5 31. h4 Qxc7 32. Qf3 Rf8 33. Qd5 Qe5 34.
Qd1 Bh5 35. Qe1 Rg8 36. Rc1 Qe4 37. g3 Qxh4 38. Kg2 Qe4+ 39. Kg1 Qd5 40. Qc3
Qe5 41. Qd2 Bf3 42. Qd7 Qh5 43. g4 Rxg4+ 44. Qxg4 Qxg4+ 45. Kf1 Qg2+ 46. Ke1
Qg1+ 47. Kd2 Qxf2+ 48. Kc3 Qxe3+ 49. Kc2 Qd3+ 50. Kb2 Qd2+ 51. Rc2 c3+ 52. Kb3
Bd5+ 53. Kb4 Qxc2 54. Kc5 Kg8 55. Kxd5 Kf8 56. Kc5 Qe4 57. Kxb5 c2 58. Ka6 c1=Q
59. Kb5 Qb7+ 60. Ka4 Qc4+ 61. Ka5 Qb6# 0-1

[Event "Championnat de France des Jeunes - Pupil"]
[Site "Aix les Bains"]
[Date "2009.04.26"]
[Round "9.6"]
[White "Legrand, Claire"]
[Black "Lin, Yun"]
[Result "1-0"]
[WhiteElo "1607"]
[BlackElo "1570"]
[PlyCount "149"]
[EventDate "2009.??.??"]

1. e4 c5 2. d3 Nc6 3. Nd2 g6 4. Ngf3 Bg7 5. g3 d6 6. Bg2 e6 7. O-O Nge7 8. c3
O-O 9. Re1 b6 10. h4 a5 11. Qe2 Rb8 12. Nh2 b5 13. Ndf1 b4 14. Bd2 Ba6 15. f4
f5 16. exf5 exf5 17. Nf3 Re8 18. Ng5 Bc8 19. d4 d5 20. Ne6 Bxe6 21. Qxe6+ Kh8
22. dxc5 Qc8 23. Bxd5 Qxe6 24. Bxe6 Rbd8 25. Rad1 Nc8 26. Bb3 Bf6 27. Ba4 N8a7
28. cxb4 axb4 29. Rxe8+ Rxe8 30. Bxb4 Rd8 31. Rxd8+ Bxd8 32. Bc3+ Kg8 33. Ne3
Kf7 34. Kf2 Ne7 35. Bb3+ Ke8 36. Nd5 Nac6 37. Nxe7 Nxe7 38. Ke3 Kd7 39. Ba4+
Kc7 40. Ba5+ Kc8 41. Bxd8 Kxd8 42. Kd4 Kc7 43. b4 h5 44. Ke5 Kc8 45. Kd6 Kd8
46. c6 Nc8+ 47. Kc5 Kc7 48. b5 Nb6 49. Bb3 Nc8 50. Bf7 Ne7 51. a4 Kc8 52. Kd6
Kd8 53. c7+ Kc8 54. Kxe7 Kxc7 55. Bxg6 Kb6 56. Bxf5 Kc7 57. a5 Kb7 58. a6+ Kb6
59. Bg6 Ka7 60. f5 Kb6 61. f6 Ka7 62. f7 Kb6 63. f8=Q Ka7 64. Kd7 Kb6 65. Qd8+
Kc5 66. Qe7+ Kd4 67. Qe4+ Kc3 68. Kd6 Kb3 69. Qd3+ Kb2 70. Qc2+ Ka3 71. Qb1 Ka4
72. Bc2+ Ka5 73. b6 Kxa6 74. Kc6 Ka5 75. Qb5# 1-0

[Event "Championnat de France des Jeunes - Pupil"]
[Site "Aix les Bains"]
[Date "2009.04.26"]
[Round "9.7"]
[White "Parlas, Helin"]
[Black "Quelennec, Amelie"]
[Result "1-0"]
[WhiteElo "1340"]
[BlackElo "1410"]
[PlyCount "93"]
[EventDate "2009.??.??"]

1. e4 b6 2. d4 Bb7 3. Nc3 e6 4. Nge2 Bb4 5. a3 Bxc3+ 6. Nxc3 Nf6 7. Bg5 h6 8.
Bxf6 Qxf6 9. g3 d6 10. Bg2 e5 11. O-O Nc6 12. Nd5 Qd8 13. c3 O-O 14. f4 Ne7 15.
f5 Nxd5 16. exd5 Qg5 17. Qc1 Qg4 18. f6 exd4 19. Rf4 Qg5 20. Bf3 Bxd5 21. fxg7
Bxf3 22. gxf8=Q+ Rxf8 23. Rxf3 Qc5 24. cxd4 Qxd4+ 25. Kg2 Qe4 26. Qe3 Qc2+ 27.
Rf2 Qg6 28. Raf1 f5 29. Qb3+ Kh8 30. Qc2 Qe6 31. Rxf5 Rxf5 32. Qxf5 Qe2+ 33.
Kh3 Qxb2 34. Qd7 Qg7 35. Qe8+ Qg8 36. Rf8 Qxf8 37. Qxf8+ Kh7 38. Qf7+ Kh8 39.
Qxc7 a5 40. Qxb6 Kg7 41. Qxd6 a4 42. Kg4 h5+ 43. Kxh5 Kf7 44. Kg5 Ke8 45. Qc7
Kf8 46. Kf6 Ke8 47. Qe7# 1-0

[Event "Championnat de France des Jeunes - Pupil"]
[Site "Aix les Bains"]
[Date "2009.04.26"]
[Round "9.8"]
[White "Malassagne, Isabelle"]
[Black "Raihauti, Mataheitini"]
[Result "1-0"]
[WhiteElo "1500"]
[BlackElo "1520"]
[PlyCount "119"]
[EventDate "2009.??.??"]

1. c4 e5 2. Nc3 Nf6 3. g3 Nc6 4. Bg2 Bb4 5. a3 Ba5 6. b4 Bxb4 7. axb4 Nxb4 8.
Ba3 Nc6 9. e3 d6 10. Nge2 O-O 11. O-O Bg4 12. Qb3 Rb8 13. f4 e4 14. Rfe1 Re8
15. Qc2 Bf3 16. Rf1 Bxg2 17. Kxg2 d5 18. cxd5 Nxd5 19. Nxd5 Qxd5 20. Nc3 Qc4
21. Rac1 Rbd8 22. Rf2 b5 23. Nxb5 Qxc2 24. Rxc2 Na5 25. Rxc7 a6 26. Nd6 Rf8 27.
Nxe4 Rfe8 28. Nc5 Nc4 29. Bb4 a5 30. Bc3 Ra8 31. Nb7 a4 32. Rxc4 a3 33. Na5 a2
34. Ra4 a1=Q 35. Rxa1 Rec8 36. Nb3 Rab8 37. Nd4 Rd8 38. Rff1 Ra8 39. Rxa8 Rxa8
40. Ra1 Rc8 41. Nb5 h6 42. d4 Re8 43. Kf3 g6 44. d5 Kf8 45. d6 Rd8 46. Rd1 Ke8
47. Ba5 Rd7 48. Rc1 Rb7 49. Rd1 Kd7 50. Nc3 Ra7 51. Bc7 Rb7 52. Ne4 Rxc7 53.
dxc7+ Kxc7 54. Nf6 Kc6 55. e4 Kc7 56. e5 Kc8 57. Rd7 g5 58. Rxf7 gxf4 59. gxf4
h5 60. e6 1-0

[Event "Championnat de France des Jeunes - Pupil"]
[Site "Aix les Bains"]
[Date "2009.04.26"]
[Round "9.9"]
[White "Abidi, Hasma"]
[Black "Froment, Josephine"]
[Result "1/2-1/2"]
[WhiteElo "1660"]
[BlackElo "1290"]
[PlyCount "134"]
[EventDate "2009.??.??"]

1. d4 d5 2. Nf3 Nf6 3. c4 dxc4 4. e3 Bg4 5. Bxc4 e6 6. Nc3 Bb4 7. Bd2 Nc6 8. a3
Bxc3 9. Bxc3 Ne7 10. O-O Ne4 11. h3 Bh5 12. Re1 O-O 13. Be2 Bxf3 14. Bxf3 Ng5
15. Bxb7 Rb8 16. Bf3 Ng6 17. Be2 Nh4 18. f4 Qd5 19. Bf3 Ngxf3+ 20. gxf3 Nxf3+
21. Kf2 Nh4 22. e4 Qc4 23. Qe2 Qb3 24. Rg1 Ng6 25. f5 exf5 26. exf5 Rfe8 27.
Qd1 Qxd1 28. Raxd1 Nf4 29. Rg3 Nd5 30. b4 Re4 31. Re1 Rf4+ 32. Kg2 Rxf5 33. Re4
Nf6 34. Re7 Nd5 35. Rd7 h6 36. Bd2 Re8 37. Bxh6 Re2+ 38. Kg1 Kh7 39. Rg5 Rxg5+
40. Bxg5 Ne3 41. Bxe3 Rxe3 42. Rxf7 Rxh3 43. Rxc7 Rxa3 44. d5 Kg6 45. d6 Kf6
46. Rc4 Ke6 47. Rd4 Kd7 48. Kg2 a5 49. b5 Rb3 50. Rg4 Kxd6 51. Rxg7 Rxb5 52.
Rg6+ Kc5 53. Rg5+ Kb4 54. Rg4+ Ka3 55. Kf1 a4 56. Ke1 Kb3 57. Rg3+ Ka2 58. Kd1
Rb3 59. Rg4 a3 60. Kc2 Rb2+ 61. Kc1 Ka1 62. Rg3 a2 63. Rc3 Rb7 64. Rc4 Rb1+ 65.
Kc2 Rf1 66. Rc3 Re1 67. Rc4 Re2+ 1/2-1/2

[Event "Championnat de France des Jeunes - Pupil"]
[Site "Aix les Bains"]
[Date "2009.04.26"]
[Round "9.10"]
[White "Del Valle, Julie"]
[Black "Maton, Amandine"]
[Result "0-1"]
[WhiteElo "1530"]
[BlackElo "1290"]
[PlyCount "82"]
[EventDate "2009.??.??"]

1. d4 d5 2. c4 e6 3. Nc3 Nf6 4. Nf3 Bb4 5. e3 Ne4 6. Qc2 b6 7. Bd3 Bxc3+ 8.
bxc3 Nf6 9. cxd5 Qxd5 10. e4 Qh5 11. Ba3 Qg4 12. O-O Bb7 13. Rfe1 h5 14. d5 h4
15. h3 Qh5 16. Qa4+ Kd8 17. Qb4 exd5 18. Qe7+ Kc8 19. exd5 Bxd5 20. Nd4 Qg5 21.
Bf5+ Kb7 22. f3 Re8 23. Qb4 c5 24. Qb2 cxd4 25. Bd3 Bxf3 26. Qf2 Bd5 27. Rxe8
Nxe8 28. Re1 Nc6 29. Bb5 dxc3 30. Bxc6+ Bxc6 31. Re7+ Ka6 32. Rxf7 Rd8 33. Qe2+
b5 34. Kh2 Qg3+ 35. Kg1 Rd2 36. Rf2 Rxe2 37. Rxe2 Nf6 38. Rf2 Qe3 39. Kf1 Ne4
40. Re2 Ng3+ 41. Ke1 Qxe2# 0-1

[Event "Championnat de France des Jeunes - Pupil"]
[Site "Aix les Bains"]
[Date "2009.04.26"]
[Round "9.11"]
[White "Saliou, Sarah"]
[Black "Le Berre, Audrey"]
[Result "0-1"]
[WhiteElo "1260"]
[BlackElo "1470"]
[PlyCount "64"]
[EventDate "2009.??.??"]

1. e4 c5 2. Nc3 g6 3. f4 Bg7 4. Nf3 Nc6 5. Bc4 d6 6. O-O Nf6 7. Bb5 Bd7 8. Bxc6
Bxc6 9. d3 O-O 10. f5 e6 11. Nh4 exf5 12. exf5 Nd7 13. Qg4 Ne5 14. Qh3 Bf6 15.
Nf3 Nxf3+ 16. gxf3 Bd7 17. Qh6 Bg7 18. Qf4 Bxf5 19. Be3 h6 20. Nb5 d5 21. Bxc5
Re8 22. Bd4 Bxd4+ 23. Nxd4 Qb6 24. Rab1 Re2 25. Kh1 g5 26. Qxf5 Qxd4 27. Qh3
Kg7 28. Qd7 Qh4 29. Qd6 Rae8 30. Rg1 R8e3 31. Qg3 Qh5 32. Qg4 Qxh2# 0-1

[Event "Championnat de France des Jeunes - Pupil"]
[Site "Aix les Bains"]
[Date "2009.04.26"]
[Round "9.12"]
[White "Cibiel, Fanny"]
[Black "Dusserre, Salome"]
[Result "1-0"]
[WhiteElo "1340"]
[BlackElo "1280"]
[PlyCount "113"]
[EventDate "2009.??.??"]

1. e4 c6 2. d4 d5 3. Nc3 dxe4 4. Nxe4 Nf6 5. Ng3 Bg4 6. Be2 Bxe2 7. N1xe2 e6 8.
Bf4 Bd6 9. Bxd6 Qxd6 10. c3 O-O 11. O-O h5 12. Qd3 Re8 13. Ne4 Nxe4 14. Qxe4
Nd7 15. Nf4 Nf6 16. Qe5 Rad8 17. Qxd6 Rxd6 18. Rfe1 g6 19. Re2 Nd5 20. Nxd5
Rxd5 21. Rae1 Kg7 22. Re5 Red8 23. Rxd5 Rxd5 24. Re5 Kf6 25. Rxd5 cxd5 26. Kf1
Kf5 27. f3 Kf4 28. Kf2 g5 29. g3+ Kf5 30. h4 g4 31. fxg4+ Kxg4 32. b3 Kf5 33.
Kf3 e5 34. dxe5 Kxe5 35. c4 dxc4 36. bxc4 Kd4 37. Kf4 f6 38. g4 Kxc4 39. gxh5
b5 40. h6 b4 41. h7 a5 42. h8=Q Kd3 43. Qxf6 Kc2 44. Qb6 Kd3 45. Qxa5 Kd4 46.
Qxb4+ Kd5 47. Qe1 Kd4 48. Qe2 Kd5 49. Qe3 Kc4 50. Qd2 Kc5 51. Qd3 Kc6 52. Qd4
Kb5 53. Qc3 Kb6 54. Qc4 Kb7 55. Qc5 Ka8 56. Qe7 Kb8 57. Ke5 1-0

[Event "Championnat de France des Jeunes - Pupil"]
[Site "Aix les Bains"]
[Date "2009.04.26"]
[Round "9.13"]
[White "Thomas, Apolline"]
[Black "Nourani, Maral"]
[Result "0-1"]
[WhiteElo "1440"]
[BlackElo "1550"]
[PlyCount "52"]
[EventDate "2009.??.??"]

1. e4 c5 2. Nf3 a6 3. Nc3 b5 4. d3 Bb7 5. Bf4 d6 6. Be2 Qc7 7. O-O Nd7 8. Qd2
Ngf6 9. Rfe1 e6 10. Rac1 Be7 11. a3 Nb6 12. Bd1 Nfd7 13. Bg5 f6 14. Bf4 O-O 15.
Qe3 Rac8 16. Bg3 e5 17. Nh4 d5 18. exd5 b4 19. axb4 cxb4 20. d6 Bxd6 21. Ne4 f5
22. Nxd6 f4 23. Qd2 fxg3 24. Nxc8 gxf2+ 25. Kh1 f1=Q+ 26. Rxf1 Rxf1# 0-1

[Event "Championnat de France des Jeunes - Pupil"]
[Site "Aix les Bains"]
[Date "2009.04.26"]
[Round "9.14"]
[White "Duval, Claire"]
[Black "Bourgoin, Cecile"]
[Result "1-0"]
[WhiteElo "1370"]
[BlackElo "1490"]
[PlyCount "105"]
[EventDate "2009.??.??"]

1. d4 d5 2. c4 c6 3. Nc3 Nf6 4. Bg5 g6 5. Bxf6 exf6 6. e3 Bg7 7. Bd3 O-O 8.
Nge2 Bg4 9. h3 dxc4 10. Bxc4 Bf5 11. O-O Re8 12. Qb3 Re7 13. Rfd1 b5 14. Bd3
Be6 15. Qc2 Na6 16. a3 Qb6 17. b4 Rd8 18. Rac1 f5 19. Nf4 Bc8 20. Nce2 Bb7 21.
Qb3 c5 22. bxc5 Qc6 23. Bxb5 Qe4 24. Nc3 Nxc5 25. dxc5 Rxd1+ 26. Qxd1 Qe5 27.
c6 Bc8 28. Ncd5 Re8 29. c7 Rf8 30. a4 Kh8 31. Nb4 Qe7 32. Nfd5 Qe5 33. Rc4 a5
34. Nc6 Qd6 35. Nce7 Bf6 36. Rc6 Qa3 37. Rxf6 Be6 38. Rxe6 fxe6 39. c8=Q Rxc8
40. Nxc8 exd5 41. Qxd5 Qc1+ 42. Kh2 Qxc8 43. Bc4 Qb8+ 44. g3 Kg7 45. Qd4+ Kf8
46. Qh8+ Ke7 47. Qxb8 Kf6 48. Qd6+ Kg7 49. h4 f4 50. Qe7+ Kh6 51. Bg8 fxg3+ 52.
Kxg3 g5 53. Qxh7# 1-0

[Event "Championnat de France des Jeunes - Pupil"]
[Site "Aix les Bains"]
[Date "2009.04.26"]
[Round "9.15"]
[White "Rouffignac, Marie"]
[Black "Minaud, Emily"]
[Result "0-1"]
[WhiteElo "1480"]
[BlackElo "1430"]
[PlyCount "98"]
[EventDate "2009.??.??"]

1. e4 e5 2. Nf3 Nc6 3. Bc4 Nf6 4. d3 h6 5. Nc3 Bc5 6. Be3 Be7 7. Qd2 d6 8. h3
a6 9. a4 Be6 10. Nd5 O-O 11. O-O Nh7 12. Rfe1 Ng5 13. Nxe7+ Qxe7 14. Nxg5 hxg5
15. Bxg5 f6 16. Bxe6+ Qxe6 17. Be3 f5 18. Qc3 f4 19. Bd2 Qg6 20. Qc4+ Kh8 21.
c3 f3 22. g3 Qh5 23. Kh2 g5 24. d4 Kg7 25. d5 Rh8 26. Qf1 Na5 27. Be3 Rh7 28.
h4 gxh4 29. g4 Qxg4 30. Qg1 Qg2+ 31. Qxg2+ fxg2 32. Kxg2 Kg6 33. Kh3 Kf7 34.
Ra3 Nc4 35. Rb3 Nxe3 36. Rxe3 b6 37. Rf3+ Ke7 38. Rf5 Rf8 39. Rxf8 Kxf8 40. c4
Kg7 41. Re3 Kf6 42. Re1 Kg5 43. Rg1+ Kf4 44. Rg4+ Kf3 45. Rxh4 Rxh4+ 46. Kxh4
Kxf2 47. b4 Ke3 48. a5 bxa5 49. bxa5 Kxe4 0-1